000 00616nam a2200265Ia 4500
005 20260306164418.0
008 008 260114s9999 xx 000 0 eng d
020 _a9789882207004
037 _aEBOOK
040 _aCRL
040 _beng
040 _cCRL
041 _2eng
041 _aeng
084 _qCRL
100 _aGreenwood
245 0 _aHong Kong's Link To The Us Dollar
260 _bHong Kong University Press
260 _c2007
650 _aEconomics & Finance
856 _uhttps://academic.oup.com/book/29109
942 _cEBOOK
999 _c1713980
_d1713980